000 00432nam a2200181Ia 4500
001 9949
005 20260306161756.0
008 260306t2000||||xx |||||||||||||| ||spa||
041 _aESP
082 _aIT 850
_bM33
100 _aMazzinghi, Jorge Adolfo
_eAUT
245 0 _aAproximación a la divina comedia
260 _c2000
300 _a354 pƔginas :
_c18 cm.
650 _aGEN
654 _aCHU
942 _cLIB
_dJUS
_fJUS
_2ddc
_n
999 _c9949
_d9949